000 00444nam a2200181Ia 4500
001 11345
005 20260306162821.0
008 260306t2009||||xx |||||||||||||| ||spa||
041 _aESP
082 _a985.033
_bG26 2009
100 _aGarret, David T.
_eAUT
245 0 _aSombras del imperio:
_bla nobleza indígena del Cuzco, 1750-1825
260 _c2009
300 _a
_c
650 _aGEN
654 _aCHU
942 _cLIB
_dJUS
_fJUS
_2ddc
_n
999 _c11345
_d11345